Musique par lettre - N - Statistiques

Statistiques générales
  • Ce quiz a été pris 156 fois
  • Le résultat moyen est 12 sur 20
Statistiques - réponses
Questions Réponses % Correct
Quelle rappeuse franco-malienne est l'auteure de tire comme "Djadja" et "Copines" ? Aya Nakamura
92%
Quel chanteur français, vainqueur de Roland-Garros en 1983 a notamment chanté "Saga Africa" ? Yannick Noah
88%
Quel tube d'Alicia Keys se traduit par "personne" ? No one
76%
Quel groupe mené par Bertrand Canta a interprété "Le vent nous portera" ? Noir Désir
74%
Quel tube de Téléphone débute par "Un jour, j'irai à..." ? New-York avec toi
73%
Quel rappeur français a interprété "Réseaux" et "Matuidi Charo" ? Niska
73%
Quel rappeur français a notamment interprété "On verra" et "Dans l'univers" ? Nekfeu
70%
Quel rappeur français est l'interprète de "Lettre à une femme" et "La vie qu'on mène ? Ninho
70%
Quelle chanson d'Edith Piaf débute par "Non, rien de rien" ? Non, je ne regrette rien
66%
Quelle chanson de Bob Marley de 1974 signifie, "femme, ne pleure pas" ? No woman no cry
66%
Quel chanteur toulousain a rendu hommage a sa ville avec le titre "Toulouse" ? Claude Nougaro
62%
Quelle chanson de Johnny Hallyday nous dit pourquoi il n'y a plus d'espoir ? Noir c'est noir
60%
Quel prénom féminin est le titre d'une chanson de Gilbert Bécaud ? Nathalie
55%
Quel tube de Rick Astley, le plus populaire de son oeuvre se traduit par "Je ne t'abandonnerai jamais" ? Never gonna give you up
55%
Quelle chanson d'amour de Jacques Brel évoque une liaison entre le chanteur et son amante ? Ne me quitte pas
54%
Quel groupe français des années 1980-1990 a chanté "Je dois m'en aller" et "L'amour à la plage" ? Niagara
48%
Quel rappeur français est l'auteur de "Joli Bébé" et "Loin de moi" ? Naza
37%
Quelle chanteuse franco-suisse a chanté "Fio Maravilha" et "Il est mort le soleil" ? Nicoletta
37%
Quelle est la chanson phare du film "Coco", notamment chantée par le petit garçon à son arrière grand-mère à la fin du film ? Ne m'oublie pas
25%
Quel titre appartient tant au répertoire de Johnny Hallyday que de Gradur ? Ne reviens pas
13%
Aucun quiz correspondant
Distribution des résultats
% des personnes avec chaque résultat
Percentile par nombre de réponses
Votre historique - résultats
Vous n’avez pas pris ce quiz